000 00749nam a2200265Ia 4500
003 GCL
008 140319s9999 xx 000 0 ara d
040 _aGCL /
_cGCL
082 0 4 _a133.4
_bع ع
100 1 _aعبدالرحمن نورالدين
245 1 0 _aالعلم والسحر /
_cعبدالرحمن نورالدين
260 _a[S.N] :
_bدار الهلال للطباعة والنشر ،
_c1990
300 _a158 ص
490 _a
650 0 4 _aالاسلام
650 0 4 _aالسحر
650 0 4 _aالتنجيم
650 0 4 _aالعرافة
650 0 4 _aالدجل
650 0 4 _aالغيبيات
650 0 4 _aالطلاسم السحرية
650 0 4 _aالتعاويذ
650 0 4 _aالقران
942 _2ddc
_cBK
999 _c32262
_d32262